000 00179 a2200097 4500
020 _a9780545164368
041 _aeng
100 _aLynn Maslen Kertell
245 _aXYZ
942 _cK
999 _c27843
_d27843